LEADER 04150 am 2200781 n 450 001 9910418015703321 005 20191218 010 $a979-1-03-654308-1 024 7 $a10.4000/books.larhra.4945 035 $a(CKB)4100000011314418 035 $a(FrMaCLE)OB-larhra-4945 035 $a(oapen)https://directory.doabooks.org/handle/20.500.12854/58206 035 $a(PPN)248499912 035 $a(EXLCZ)994100000011314418 100 $a20200623j|||||||| ||| 0 101 0 $afre 135 $auu||||||m|||| 181 $ctxt$2rdacontent 182 $cc$2rdamedia 183 $acr$2rdacarrier 200 10$aRenouveau conciliaire et crise doctrinale. Rome et les Églises nationales (1966-1968) /$fChristian Sorrel 210 $a[S.I] $cLARHRA$d2019 215 $a1 online resource (406 p.) 311 $a979-1-0915-9217-8 330 $aDans le prolongement des démarches scientifiques suscitées par le cinquantenaire du Concile Vatican II, un colloque international réuni à Lyon en mai 2016 s?est intéressé à un dossier inédit, celui des réactions à la lettre adressée le 24 juillet 1966 par le cardinal Ottaviani, pro-préfet de la Congrégation pour la doctrine de la foi, aux présidents des conférences épiscopales sur les « abus grandissants dans l?interprétation de la doctrine du Concile » et les « opinions étranges et audacieuses apparaissant ici ou là ». L?abondance des commentaires, la tonalité des réponses nationales et les suites romaines confèrent à ce document une dimension de révélateur face à la crise naissante, que les acteurs ont du mal à nommer et à identifier. Les thèmes abordés sont nombreux (instances de la société, évaluation du Concile, déplacements des modalités du croire, exercice de la collégialité, réforme de la Curie, responsabilités des évêques et des théologiens) et constituent autant de perspectives pour l?historicisation du moment conciliaire dans le temps court qui sépare la clôture de l?assemblée et la bourrasque de Mai-68 et, plus généralement, dans le mouvement des décennies 1950-1970. Avec les contributions de Christian Sorrel, Alessandro Santagata, Étienne Fouilloux, Philippe Chenaux, Gianni La Bella, Philippe Roy-Lysencourt, Marialuisa Lucia Sergio, Leo Declerck, Mathijs Lamberigts, Franz Xaver Bischof, Lorenzo Planzi, Feliciano Montero, András Fejérdy, Gilles Routhier, Miranda Lida et Denis Pelletier. 517 $aRenouveau conciliaire et crise doctrinale. Rome et les Ã?glises nationales 517 $aRenouveau conciliaire et crise doctrinale. Rome et les Églises nationales 606 $aReligion 606 $aHistory 606 $aconférence épiscopale 606 $aVatican II 606 $acrise 606 $ahistoricisation 606 $aposition doctrinale 610 $aconférence épiscopale 610 $aposition doctrinale 610 $acrise 610 $aVatican II 610 $ahistoricisation 615 4$aReligion 615 4$aHistory 615 4$aconférence épiscopale 615 4$aVatican II 615 4$acrise 615 4$ahistoricisation 615 4$aposition doctrinale 700 $aBischof$b Franz Xaver$01289419 701 $aChenaux$b Philippe$0515789 701 $aDeclerck$b Leo$01309704 701 $aFejérdy$b András$0752749 701 $aFouilloux$b Étienne$0184491 701 $aLamberigts$b Mathijs$0530598 701 $aLa Bella$b Gianni$01309705 701 $aLida$b Miranda$01309706 701 $aMontero$b Feliciano$01283580 701 $aPelletier$b Denis$01288567 701 $aPlanzi$b Lorenzo$01309707 701 $aRouthier$b Gilles$0478831 701 $aRoy-Lysencourt$b Philippe$01309708 701 $aSantagata$b Alessandro$0506680 701 $aSergio$b Marialuisa Lucia$01309709 701 $aSorrel$b Christian$01081829 701 $aSorrel$b Christian$01081829 801 0$bFR-FrMaCLE 906 $aBOOK 912 $a9910418015703321 996 $aRenouveau conciliaire et crise doctrinale. Rome et les Églises nationales (1966-1968)$93029546 997 $aUNINA LEADER 01831nam 2200385 450 001 9910135425903321 005 20231208101852.0 010 $a0-7381-2358-7 024 7 $a10.1109/IEEESTD.1993.119660 035 $a(CKB)3780000000092719 035 $a(NjHacI)993780000000092719 035 $a(EXLCZ)993780000000092719 100 $a20231208d1993 uy 0 101 0 $aeng 135 $aur||||||||||| 181 $ctxt$2rdacontent 182 $cc$2rdamedia 183 $acr$2rdacarrier 200 10$aIEEE Std 1326.1-1993 $eIEEE Standard for Information Technology-Test Methods for Measuring Conformance to X.400-Based Electronic Messaging-Application Program Interface (API) [Language Independent] /$fInstitute of Electrical and Electronics Engineers 210 1$aNew York, New York :$cIEEE,$d1993. 215 $a1 online resource (2 pages) 330 $aWithdrawn Standard. Withdrawn Date: Mar 06, 2000. No longer endorsed by the IEEE. The test methods that may be used to test conformance to IEEE Std 1224.1-1993, IEEE Standard for Information Technology-- Open Systems Interconnection (OSI) X.400-Based Electronic Messaging--Application Program Interface (API) [Language Independent], are defined. 517 $a1326.1-1993 - IEEE Standard for Information Technology Test Methods for Measuring Conformance to X.400 Based Electronic Messaging Application Program Interfaces 517 $aIEEE Std 1326.1-1993 606 $aOSI (Computer network standard)$xStandards 606 $aElectronic mail systems$xStandards 615 0$aOSI (Computer network standard)$xStandards. 615 0$aElectronic mail systems$xStandards. 676 $a621.317 801 0$bNjHacI 801 1$bNjHacl 906 $aDOCUMENT 912 $a9910135425903321 996 $aIEEE Std 1326.1-1993$93647281 997 $aUNINA LEADER 02438oam 2200553 c 450 001 9910563028603321 005 20250513223442.0 024 7 $a10.3726/b12783 035 $a(CKB)4340000000238981 035 $a(oapen)https://directory.doabooks.org/handle/20.500.12854/37588 035 $a(PH02)9783954795987 035 $a(oapen)doab37588 035 $a(EXLCZ)994340000000238981 100 $a20240525d1978 uy 0 101 0 $ager 135 $aurnnunnnannuu 181 $ctxt$2rdacontent 182 $cc$2rdamedia 183 $acr$2rdacarrier 200 10$aRussische Jagdterminologie$eAnalyse des Sprachgebrauchs der Jäger$fIrmgard Lorenz 205 $a1st, New ed. 210 $aFrankfurt a.M$cPH02$d1978 215 $a1 online resource (558 p.)$c, EPDF 225 0 $aArbeiten und Texte zur Slavistik$v16 300 $aPeter Lang GmbH, Internationaler Verlag der Wissenschaften 311 08$a3-95479-598-1 327 $aDIE HISTORISCHE ENTWICKLUNG DER RUSSISCHEN JAGDTERMINOLOGIE - RUSSISCHE JA?GERSPRACHLICHE TERMINI - Jagdarten und jagdliche Ta?tigkeiten - Bezeichnungen der Jagdprodukte - Bezeichnungen der Ja?ger - Bezeichnungen von Jagdgera?ten, Ausru?stungsgegensta?nden des Ja?gers und jagdlichen Einrichtungen - Der Hund als Jagdhelfer - Wild - Milieu - Jagdzeiten - Brauchtum - DER AUFBAU DER JA?GERSPRACHE - Sprachliche Gestaltung der Umwelt aus jagdlicher Sicht - Ja?gersprache als funktionelle Sprache - Die Quellen der Sondersprache 330 $aDie Reihe Arbeiten und Texte zur Slavistik umfasst Monographien und Sammelba?nde zur slawistischen Sprach- und Literaturwissenschaft. Im Zentrum stehen dabei Forschungsbeitra?ge zur russischen Literatur. Publikationssprachen sind Deutsch und Russisch. 517 $aRussische Jagdterminologie 606 $alinguistics$2bicssc 610 $aAnalyse 610 $aEntlehnungen aus Fremdsprachen 610 $agemeinslavischer Jagdwortschatz 610 $aJagdterminologie 610 $aJäger 610 $aLorenz 610 $aNeuwortbildungen 610 $aRussische 610 $arussische Jagd 610 $aSprachgebrauchs 610 $asprachliche Leistung der Jagdterminologie 615 7$alinguistics 700 $aLorenz$b Irmgard$4aut$01294378 801 0$bPH02 801 1$bPH02 906 $aBOOK 912 $a9910563028603321 996 $aRussische Jagdterminologie$93023172 997 $aUNINA